Madame Bovary / (Record no. 145787)
[ view plain ]
| 000 -LEADER | |
|---|---|
| fixed length control field | 00734nam a22002177a 4500 |
| 005 - DATE AND TIME OF LATEST TRANSACTION | |
| control field | 20230529153850.0 |
| 010 ## - LCCN (DPL NO) | |
| LC control number | 1718EN-30 ENG-121689 B-686410-411 ENG-137070 |
| 020 ## - INTERNATIONAL STANDARD BOOK NUMBER | |
| International Standard Book Number | 9789350330920 |
| Terms of availability | 195.00 |
| 035 ## - SYSTEM CONTROL NUMBER | |
| System control number | B-686410-411 EN-120602 |
| 035 ## - SYSTEM CONTROL NUMBER | |
| System control number | EN-105221 |
| 037 ## - SOURCE OF ACQUISITION | |
| Source of stock number/acquisition | Star Pub. |
| Stock number | dpl |
| 037 ## - SOURCE OF ACQUISITION | |
| Source of stock number/acquisition | DBAD/PUB |
| 082 ## - DEWEY DECIMAL CLASSIFICATION NUMBER | |
| Classification number | N |
| 100 ## - MAIN ENTRY--PERSONAL NAME | |
| Personal name | Flaubert, Gustave |
| 245 ## - TITLE STATEMENT | |
| Title | Madame Bovary / |
| Statement of responsibility, etc | by Gustave Flaubert |
| 260 ## - PUBLICATION, DISTRIBUTION, ETC. (IMPRINT) | |
| Place of publication, distribution, etc | Noida |
| Name of publisher, distributor, etc | Maple Press |
| Date of publication, distribution, etc | 2017 |
| 270 ## - ADDRESS | |
| Address | A-63, Sector-58, |
| City | Noida |
| Postal code | 201301 |
| 300 ## - PHYSICAL DESCRIPTION | |
| Extent | 376p. |
| Dimensions | 21cm(pbk) |
| 942 ## - ADDED ENTRY ELEMENTS (KOHA) | |
| Source of classification or shelving scheme | Dewey Decimal Classification |
| Item type | English Books |
| Call number suffix | FLA |
| Classification part | N |
| Withdrawn status | Lost status | Not for loan | Collection code | Home library | Current library | Date acquired | Source of acquisition | Cost, normal purchase price | Full call number | Barcode | Copy number | Cost, replacement price | Koha item type |
|---|---|---|---|---|---|---|---|---|---|---|---|---|---|
| Fiction | Ashok Vihar | Ashok Vihar | 16/06/2018 | Star/SP/5268/28.11.2017/680/20.11.207/06.01.2018 | 195.00 | N FLA | B-686411 | 1 | 195.00 | English Books | |||
| Fiction | Ashok Vihar | Ashok Vihar | 29/05/2023 | DBAD/PUB | 195.00 | N FLA | EN-120602 | 1 | 195.00 | English Books | |||
| Not For Loan | Non-fiction | D.B.Act.Division | Bawana | 30/11/2017 | DBAD/PUB | 195.00 | N FLA | EN-105221 | 1 | 195.00 | English Books | ||
| Fiction | Central Library | Central Library | 16/06/2018 | Star/SP/5268/28.11.2017/680/20.11.207/06.01.2018 | 195.00 | N FLA | B-686410 | 1 | 195.00 | English Books |
